000 00360nam a2200133Ia 4500
005 20251222144712.0
008 251222s9999||||xx |||||||||||||| ||spa||
020 _a978-612-45387-4-2
082 _a343.056/A38
100 _aAldea Correa, Vládik
245 0 _aManual Práctico de Importación y Exportación:
264 _bCaballero Bustamante
942 _cLIB
999 _c17851
_d17851